000 00837cam a2200229 a 4500
005 20160121112555.0
008 960422t1990 -usab fr 0 1 eng d
020 _a0226207188
040 _aCO-BoPUJ
_cCO-BoIAVH
_dCO-BoIAVH
041 0 _aeng
044 _axxu
082 0 4 _a599.1734
_bE55m
100 1 _aEmmons, Louise H.
245 1 0 _aNeotropical Rainforest Mammals :
_bA fiel guide /
_cText by Louise H. Emmons, Illustrations by François Feer
260 _aChicago :
_bThe University of Chicago Press ;
_cc1990.
300 _axiv, 281 páginas :
_bIlustrations, maps ;
_c22 x 15 cm.
650 2 4 _aMammals
_zLatin America
_xidentification
650 2 4 _aFauna forestal
_zAmérica Latina
650 2 4 _aEcología de selva lluviosa
_zAmérica Latina
700 1 _aFeer, François
942 _2ddc
_cLIBRO
999 _c17940
_d17940